Logo BPK

Biblioteka

Politechniki Koszalińskiej

How to be an alien / (Rekord nr 48515)

Szczegóły MARC
000 -ETYKIETA REKORDU
podpole kontrolne o stałej długości 00947nam a2200289 i 4500
001 - NUMER KONTROLNY REKORDU
pole kontrolne bgj
020 ## - MIĘDZYNARODOWY ZNORMALIZOWANY NUMER KSIĄŻKI - ISBN
ISBN 0582468272
040 ## - ŹRÓDŁO KATALOGOWANIA
Instytucja, która utworzyła rekord BPK
041 0# - KOD JĘZYKA
Kod języka tekstu eng
920 ## - Międzynarodowy znormalizowany numer książki – ISBN
ISBN 0-582-46827-2
008 - POLE O STAŁEJ DŁUGOŚCI - DANE KONTROLNE
podpole kontrolne o stałej długości s uk f |000 0 eng
100 1# - NAZWA OSOBOWA
Nazwa osobowa MIKES, George
Daty związane z nazwą (1912-1987)
245 10 - TYTUŁ/ODPOWIEDZIALNOŚĆ
Tytuł How to be an alien /
Pozostałe elementy strefy tytułu i oznaczenia odpowiedzialności George Mikes ; retold by Karen Holmes ; Nicolas Bentley drew the pictures ; series editors : Andy Hopkins and Jocelyn Potter.
260 ## - STREFA ADRESU WYDAWNICZEGO
Miejsce wydania Harlow, Essex :
Nazwa wydawcy/dystrybutora Penguin Readers,
Data publikacji, dystrybucji/powstania dokumentu 2000.
300 ## - STREFA OPISU FIZYCZNEGO
Objętość IV, 43, [1] pp :
Inne cechy fizyczne draw. ;
Rozmiary 20 cm.
490 1# - STREFA SERII I DOKUMENTU WIELOCZĘŚCIOWEGO - FORMA NIE DO WYSZUKIWANIA
Tytuł i oznaczenie odpowiedzialności serii Penguin Readers.Level 3
650 #9 - HASŁO PRZEDMIOTOWE W FORMIE NAZWY OGÓLNEJ LUB JEDNOSTKOWEJ
Nazwa ogólna lub geograficzna National characteristic, English
651 #9 - HASŁO PRZEDMIOTOWE W FORMIE NAZWY GEOGRAFICZNEJ
Nazwa geograficzna England
655 ## - TERMIN INDEKSOWY - OKREŚLENIE RODZAJU/FORMY DOKUMENTU
Określenie rodzaju/formy dokumentu Political Fiction, American
655 ## - TERMIN INDEKSOWY - OKREŚLENIE RODZAJU/FORMY DOKUMENTU
Określenie rodzaju/formy dokumentu Humorous in English
700 1# - HASŁO DODATKOWE - NAZWA OSOBOWA
Nazwa osobowa HOLMES, Karen
700 1# - HASŁO DODATKOWE - NAZWA OSOBOWA
Nazwa osobowa BENTLEY, Nicolas
Daty związane z nazwą (1907- ).
Określenie związku między hasłem a opisywanym materiałem ill.
700 1# - HASŁO DODATKOWE - NAZWA OSOBOWA
Nazwa osobowa HOPKINS, Andy.
Określenie związku między hasłem a opisywanym materiałem editor
700 1# - HASŁO DODATKOWE - NAZWA OSOBOWA
Nazwa osobowa POTTER, Jocelyn.
Określenie związku między hasłem a opisywanym materiałem editor
830 ## - HASŁO DODATKOWE SERII LUB DOKUMENTU WIELOCZĘŚCIOWEGO - TYTUŁ UJEDNOLICONY
Tytuł ujednolicony Penguin Readers.Level 3
856 ## - LOKALIZACJA I DOSTĘP DO ELEKTRONICZNYCH DOKUMENTÓW ZDALNYCH
Link (URL) http://koha.tu.koszalin.pl/cgi-bin/koha/opac-detail.pl?biblionumber=48515
Tekst linku Katalog online BPK
942 ## - DODATKOWE ELEMENTY (KOHA)
Typ dokumentu Książka
Egzemplarze
Wycofany Status egzemplarza Uszkodzony Dostępność Lokalizacja stała Lokalizacja bieżąca Miejsce przechowywania Sygnatura Kod kreskowy Typ dokumentu
      Dostępny Biblioteka Politechniki Koszalińskiej Biblioteka Politechniki Koszalińskiej Wypożyczalnia Językowa KA 5778 01582963 Książka
© 2023 Biblioteka Politechniki Koszalińskiej :: KOHA